Normal view
MARC view
- اعداد حطاب ،كمال توفيق
Entry Personal Name
001 - CONTROL NUMBER
- control field: 52319
003 - CONTROL NUMBER IDENTIFIER
- control field: JO-AjAnu
005 - DATE AND TIME OF LATEST TRANSACTION
- control field: 20230606082612.0
008 - FIXED-LENGTH DATA ELEMENTS
- fixed length control field: 230606|| aca||aabn | a|a d
040 ## - CATALOGING SOURCE
- Original cataloging agency: JO-AjAnu
- Transcribing agency: JO-AjAnu
100 ## - HEADING--PERSONAL NAME
- Personal name: اعداد حطاب ،كمال توفيق
670 ## - SOURCE DATA FOUND
- Source citation: Work cat.: (JO-AjAnu)26737: اعداد حطاب ،كمال توفيق , author, دليل الباحثين الى الاقتصاد الاسلامي والمصارف الاسلامية في الاردن :دراسة تحليلية ببلوغرافية(1974-2010)